BUSINESS LAW (Record no. 8865)

MARC details
000 -LEADER
fixed length control field 00457nam a22001697a 4500
003 - CONTROL NUMBER IDENTIFIER
control field SGT
020 ## - INTERNATIONAL STANDARD BOOK NUMBER
International Standard Book Number 9789325963962
082 ## - DEWEY DECIMAL CLASSIFICATION NUMBER
Classification number 346.KUC
100 ## - MAIN ENTRY--PERSONAL NAME
Personal name KUCHHAL,M C
245 ## - TITLE STATEMENT
Title BUSINESS LAW
250 ## - EDITION STATEMENT
Edition statement 6TH
260 ## - PUBLICATION, DISTRIBUTION, ETC. (IMPRINT)
Place of publication, distribution, etc NEW DELHI
Name of publisher, distributor, etc VIKAS PUB.H
Year of Publication 2014
300 ## - PAGE DESCRIPTION
No. of Pages 464
650 ## - SUBJECT ADDED ENTRY--TOPICAL TERM
Topical term or geographic name as entry element PRIVATE LAW
653 ## - KEYWORDS--INDEX TERM
Keyword term NATURE AND KINDS OF CONTRACTS,OFFER AND ACCEPTANCE,CONSIDERATION,CONTINGENT OF CONTRACTS,DISCHARGE OF CONTRACT AGENCY
942 ## - ADDED ENTRY ELEMENTS (KOHA)
Source of classification or shelving scheme Dewey Decimal Classification
Koha item type FCM Books
942 ## - ADDED ENTRY ELEMENTS (KOHA)
-- 28
Holdings
Withdrawn status Lost status Source of classification or shelving scheme Damaged status Not for loan Home library Current library Shelving location Date acquired Vendor Name Cost, normal purchase price SGTU Bill Number Full call number Accession No. (Barcode) Date last seen Bill Date Koha item type Total Checkouts Date last borrowed Total Renewals
    Dewey Decimal Classification   Not For Loan SGT Science & Social Sciences Library SGT Science & Social Sciences Library Reference Book 31/05/2016 KIRTI PRAKASHAN 375.00 SGTU 2308 346.KUC CM596 31/05/2016 05/03/2015 FCM Books      
    Dewey Decimal Classification     SGT Science & Social Sciences Library SGT Science & Social Sciences Library Text Book 31/05/2016 KIRTI PRAKASHAN 375.00 SGTU 2308 346.KUC CM597 26/12/2024 05/03/2015 FCM Books 47 26/12/2024  
    Dewey Decimal Classification     SGT Science & Social Sciences Library SGT Science & Social Sciences Library Text Book 31/05/2016 KIRTI PRAKASHAN 375.00 SGTU 2308 346.KUC CM598 21/06/2025 05/03/2015 FCM Books 45 14/06/2025 2
    Dewey Decimal Classification     SGT Science & Social Sciences Library SGT Science & Social Sciences Library Reference Book 01/06/2016 SPARCH BOOK GALLERY 375.00 SGTU 1294 346.KUC CM576 17/11/2018 26/11/2014 FCM Books 13 26/07/2018 1
    Dewey Decimal Classification     SGT Science & Social Sciences Library SGT Science & Social Sciences Library Reference Book 01/06/2016 SPARCH BOOK GALLERY 375.00 SGTU 1294 346.KUC CM577 10/01/2025 26/11/2014 FCM Books 40 20/12/2024 1